Регионална библиотека "Любен Каравелов" - Русе

Пьесы (Запис номер 366871)

MARC детайли
000 -Лидер
Контролно поле с фиксирана дължина ncm a22 a 4500
003 - Код на организацията, давaща контролен номер
Контролно поле BLK
005 - Дата и час на последна редакция
Контролно поле 20200609083006.0
008 - Елементи от данни с фиксирана дължина
fixed length control field 200609b bu ||||| |||| 00| 0 bu d
040 ## - Източник на каталожния запис
Идентификатор на билиотеката - собственик на записа BLK
041 ## - Код за език
Код за езика на текст/звукозапис или на отделно заглавие Руски
Код за езика КДБФ Руски
080 ## - УДК
Текстов определител УДК Музика за духови инструменти
УДК код - определител по УДК 788
УДК - код + определител 788
080 ## - УДК
Текстов определител УДК Музика за пиано
УДК код - определител по УДК 786.2
УДК - код + определител 786.2
139 ## - Редно поле
Редна дума Пьесы. Для тромбона и фортепиано
Авторски знак Пи - П 51
245 ## - Сведения за заглавието
Заглавие Пьесы
Подзаглавни данни Для тромбона и фортепиано
Редно поле (дума) Състав. Б. Григорьев
260 ## - Област на издателските данни
9 (RLIN) 402764
Място на издаване, разпространение и проч. Москва
Име на издателя, разпространителя и проч. Музыка
Година на издаване 1975
300 ## - Физическа характеристика
Страници 47 с.
Размери/Мащаб 30 см
Съпровождащи материали 1 щим. (12 с.)
380 ## - Жанр
Жанр Изкуство
650 #0 - Допълнително описание по предмет – тема
9 (RLIN) 403607
Основно описание – тема или топоним Дуо - тромбон и пиано
653 #7 - Ключова дума – ненормативна
9 (RLIN) 198691
Ключова дума тромбони
653 #7 - Ключова дума – ненормативна
9 (RLIN) 188624
Ключова дума клавирен съпровод
700 ## - Други автори (авторска отговорност)
9 (RLIN) 1478
Лично име Григорьев, Б.
Автороска отговорност (Описва отношението между автора и произведението) състав.
852 ## - Местоположение
Форматна сигнатура Цб М ІІ 7282
999 ## - СИСТЕМНИ КОНТРОЛНИ НОМЕРА
Koha biblionumber 366871
Koha biblioitemnumber 366871
942 ## - АРТИКУЛИ
Вид на библиотечния материал Нотни издания
Скрит в OPAC Не
Периодичен библиозапис Да
944 ## - СЪЗДАВАНЕ И РЕДАКЦИЯ на ЗАПИСА
Създаване/Редакция Създаване
Дата на регистрацията/редакция 2020-06-09
Служител, извършил регистрацията/редакцията Моника Янева
Статус, дата на статуса 2020-06-09
Наличности
Код за отписване Код за изгубен артикул Източник на класификационната схема Код за повреда Коз за рестрикции Код за отдаване Артикулен № Име на библиотеката - собственик Име на библиотеката, в която се намира в момента Статус (Текущо местоположение) Дата на вписване в системата Местоположение - отдел Цена в лева Инвентарен номер Систематично азбучна сигнатура Баркод Цена в евро Служебен тип на артикула
  Не е изгубен Universal Decimal Classification Не е повреден само за читалня ползва се в читалня 775111 Регионална библиотека "Любен Каравелов" Русе Регионална библиотека "Любен Каравелов" Русе Хранилище 2020-06-09 Хранилище 0.59 212894 Цб М II 7282 900000018888 0.30 Нотни издания
Vip Innovations Ltd, Rousse, Bulgaria 2025